Windowscaping : (Record no. 26956)
[ view plain ]
| 000 -LEADER | |
|---|---|
| fixed length control field | 01198cam a2200325 a 4500 |
| 001 - CONTROL NUMBER | |
| control field | 4037073 |
| 003 - CONTROL NUMBER IDENTIFIER | |
| control field | OSt |
| 005 - DATE AND TIME OF LATEST TRANSACTION | |
| control field | 20170207094839.0 |
| 008 - FIXED-LENGTH DATA ELEMENTS--GENERAL INFORMATION | |
| fixed length control field | 980924s1998 azua 000 0 eng d |
| 010 ## - LIBRARY OF CONGRESS CONTROL NUMBER | |
| LC control number | 98075190 |
| 020 ## - INTERNATIONAL STANDARD BOOK NUMBER | |
| International Standard Book Number | 1881955516 (pbk.) |
| 035 ## - SYSTEM CONTROL NUMBER | |
| System control number | (OCoLC)41155881 |
| 040 ## - CATALOGING SOURCE | |
| Original cataloging agency | IV0 |
| Transcribing agency | IV0 |
| Modifying agency | DLC |
| 042 ## - AUTHENTICATION CODE | |
| Authentication code | lccopycat |
| 050 00 - LIBRARY OF CONGRESS CALL NUMBER | |
| Classification number | NA3020 |
| Item number | .W515 1998 |
| 082 00 - DEWEY DECIMAL CLASSIFICATION NUMBER | |
| Classification number | 728/.37/0222 |
| Edition number | 21 |
| 245 00 - TITLE STATEMENT | |
| Title | Windowscaping : |
| Remainder of title | designing with light : over 200 home plans featuring Pella windows / |
| Statement of responsibility, etc. | [Jan Prideaux, senior editor]. |
| 260 ## - PUBLICATION, DISTRIBUTION, ETC. (IMPRINT) | |
| Place of publication, distribution, etc. | Tucson, Ariz. : |
| Name of publisher, distributor, etc. | Home Planners, |
| Date of publication, distribution, etc. | c1998 |
| Date of manufacture | (1999 printing) |
| 300 ## - PHYSICAL DESCRIPTION | |
| Extent | 192 p. : |
| Other physical details | ill. (some col.) ; |
| Dimensions | 28 cm. |
| 650 #0 - SUBJECT ADDED ENTRY--TOPICAL TERM | |
| Topical term or geographic name as entry element | Windows. |
| 650 #0 - SUBJECT ADDED ENTRY--TOPICAL TERM | |
| Topical term or geographic name as entry element | Architecture, Domestic |
| Form subdivision | Designs and plans. |
| 700 1# - ADDED ENTRY--PERSONAL NAME | |
| Personal name | Prideaux, Jan |
| 710 2# - ADDED ENTRY--CORPORATE NAME | |
| Corporate name or jurisdiction name as entry element | Home Planners, inc. |
| 906 ## - LOCAL DATA ELEMENT F, LDF (RLIN) | |
| a | 7 |
| b | cbc |
| c | copycat |
| d | 2 |
| e | opcn |
| f | 19 |
| g | y-gencatlg |
| 942 ## - ADDED ENTRY ELEMENTS (KOHA) | |
| Source of classification or shelving scheme | |
| Koha item type | Hard Covered Materials |
| Classification part | NA 3020 .W515 1998 |
| Withdrawn status | Lost status | Source of classification or shelving scheme | Damaged status | Not for loan | Home library | Current library | Shelving location | Date acquired | Source of acquisition | Total Checkouts | Full call number | Barcode | Date last seen | Price effective from | Koha item type |
|---|---|---|---|---|---|---|---|---|---|---|---|---|---|---|---|
| MACHAKOS UNIVERSITY LIBRARY | MACHAKOS UNIVERSITY LIBRARY | Technical section | 07/02/2017 | Donation (BFA) | NA 3020 .W515 1998 | 34658 | 13/07/2018 | 07/02/2017 | Hard Covered Materials |